Introduction to econometrics (Record no. 14320)

MARC details
000 -LEADER
fixed length control field 00461nam a22001697a 4500
003 - CONTROL NUMBER IDENTIFIER
control field URS
005 - DATE AND TIME OF LATEST TRANSACTION
control field 20220114171624.0
008 - FIXED-LENGTH DATA ELEMENTS--GENERAL INFORMATION
fixed length control field 170324b xxu||||| |||| 00| 0 eng d
020 ## - INTERNATIONAL STANDARD BOOK NUMBER
International Standard Book Number 9971513838
050 ## - LIBRARY OF CONGRESS CALL NUMBER
Classification number HB139
Item number M179 2001
100 ## - MAIN ENTRY--PERSONAL NAME
Personal name Maddala, G.S.
Relator code author
245 ## - TITLE STATEMENT
Title Introduction to econometrics
Statement of responsibility, etc. G.S. Maddala
250 ## - EDITION STATEMENT
Edition statement Third Edition
260 ## - PUBLICATION, DISTRIBUTION, ETC.
Place of publication, distribution, etc. Chickester:
Name of publisher, distributor, etc. John Wiley and Sons,
Date of publication, distribution, etc. 2001
300 ## - PHYSICAL DESCRIPTION
Extent xvi, 636 pages;
Dimensions 24 cm.
942 ## - ADDED ENTRY ELEMENTS (KOHA)
Koha item type Foreign Books
Source of classification or shelving scheme Library of Congress Classification
Holdings
Withdrawn status Source of classification or shelving scheme Damaged status Not for loan Collection code Home library Current library Shelving location Date acquired Total Checkouts Full call number Barcode Date last seen Price effective from Koha item type
  Library of Congress Classification     Non-fiction Binangonan College Library Binangonan College Library Foreign Section 06/07/2023   HB139 M179 2001 URSBIN-0673 03/14/2016 09/11/2019 Foreign Books
  Library of Congress Classification     Non-fiction Binangonan College Library Binangonan College Library Foreign Section 06/07/2023   HB139 M179 2001 URSBIN-0707 03/14/2016 03/14/2016 Foreign Books
  Library of Congress Classification       Binangonan College Library Binangonan College Library Foreign Section 04/17/2023   HB139 M33 2001 URSBIN-FR2221 04/17/2023 04/17/2023 Foreign Books

University of Rizal System
Email us at univlibservices@urs.edu.ph

Visit our Website www.urs.edu.ph/library